000 00371nam a22001217a 4500
082 _aCP-34
_bCE-342
100 _aDr.Muhammad Irfan
_917128
245 _aTransportation Engineering-II CE-342 Fall 2015 BE-Civil Engg OD-80/CED-81
_cDr.Muhammad Irfan
260 _aRisalpur
_bMCE
_c2016
500 _aCED-85 Section C,D
526 _a0
_b1
_c0
_dCP_34_CE342
942 _2ddc
_cBKB
999 _c553661
_d553661